Gramática del español moderno. El lenguaje del hombre de hoy actualizado con autoridades de los escritores de nuestra época, españoles e hisponoamericanos

Bewaard in:
Bibliografische gegevens
Hoofdauteur: Alonso, Martín (autor)
Formaat: Boek
Gepubliceerd in: Madrid, España: Ediciones Guadarrama, 1974.
Editie:Segunda edición.
Onderwerpen:
Tags: Voeg label toe
Geen labels, Wees de eerste die dit record labelt!

MARC

LEADER 00000nam a22000007a 4500
003 CL-VaPUC
005 20220822114552.0
008 220707t1974 ||||| |||| 00| 0 eng d
999 |c 436799  |d 436797 
020 |a 84-250-5601-2 
040 |c Pontificia Universidad Católica de Valparaíso 
082 |a 465 ALO 1974 
100 |a Alonso, Martín  |9 330706  |e autor 
245 |a Gramática del español moderno.   |b El lenguaje del hombre de hoy actualizado con autoridades de los escritores de nuestra época, españoles e hisponoamericanos 
250 |a Segunda edición. 
260 |a Madrid, España:  |b Ediciones Guadarrama,   |c 1974. 
300 |a 575 páginas.  
500 |a c.1- Donación Familia Prof. Alejandro Guzmán Brito. 
583 |c 20220707  |k Cristina María Rojas Aguilar 
650 |a Español   |x Gramática   |x Manuales  |9 872412 
650 |a Lengua española  |x Gramática  |9 872413 
942 |2 ddc  |c BK  |n 0 
952 |0 0  |1 0  |2 ddc  |4 0  |6 465_000000000000000_ALO_1974  |7 0  |8 C_AGB  |9 584526  |a BIBDER  |b BIBDER  |d 2022-07-07  |e Donación   |i 5652589  |o 465 ALO 1974  |p 5652589  |r 2023-01-25  |t 1  |w 2022-07-07  |y BK_US  |k AGB